Catálogo

Vista normal Vista MARC

Entrada Personal Name

Número de registros utilizados en: 2

001 - CONTROL NUMBER

  • control field: 16965

003 - CONTROL NUMBER IDENTIFIER

  • control field: DLC

005 - DATE AND TIME OF LATEST TRANSACTION

  • control field: 20250410102217.0

008 - FIXED-LENGTH DATA ELEMENTS

  • fixed length control field: 930920n| azannaabn |a aaa c

010 ## - LIBRARY OF CONGRESS CONTROL NUMBER

  • LC control number: no 93027907
  • Canceled/invalid LC control number: nr2001037799

035 ## - SYSTEM CONTROL NUMBER

  • System control number: (OCoLC)oca03477818

040 ## - CATALOGING SOURCE

  • Original cataloging agency: PPiU
  • Language of cataloging: spa
  • Description conventions: rda
  • Transcribing agency: Mx-PuUPA
  • Modifying agency: InU
  • Modifying agency: DLC
  • Modifying agency: PU
  • Modifying agency: OCoLC
  • Modifying agency: DLC
  • Modifying agency: UPB
  • Modifying agency: Uk
  • Modifying agency: UPB
  • Modifying agency: Mx-PuUPA

046 ## - SPECIAL CODED DATES

  • Birth date: 1925

053 #0 - LC CLASSIFICATION NUMBER

  • Classification number element--single number or beginning number of span: PQ7298.28.O3146

100 1# - HEADING--PERSONAL NAME

  • Personal name: Rodríguez, Ramón,
  • Dates associated with a name: 1925-

370 ## - ASSOCIATED PLACE

  • Place of birth: Córdoba (Veracruz-Llave, México)
  • Source of term: naf

374 ## - OCCUPATION

  • Occupation: Periodista
  • Occupation: Poeta
  • Occupation: Autor
  • Source of term: lcsh

375 ## - GENDER

  • Gender: hombre

377 ## - ASSOCIATED LANGUAGE

  • Language code: spa

400 1# - SEE FROM TRACING--PERSONAL NAME

  • Personal name: Rodríguez Gutiérrez, Ramón,
  • Dates associated with a name: 1925-

400 1# - SEE FROM TRACING--PERSONAL NAME

  • Personal name: Gutiérrez, Ramón Rodríguez,
  • Dates associated with a name: 1925-

670 ## - SOURCE DATA FOUND

  • Source citation: His Cuartel de invierno, 1987:
  • Information found: t.p. (Ramón Rodríguez) p. 4 of cover (b. Córdoba [Mexico], 1925; Journalist and poet; author of Ser de lejanías)

670 ## - SOURCE DATA FOUND

  • Source citation: NUC 1956-1962
  • Information found: (hdg.: Rodríguez, Ramón)

670 ## - SOURCE DATA FOUND

  • Source citation: Apuntes para un blues, 2011:
  • Information found: front flap (Ramón Rodríguez, b. 1925 in Córdoba, Veracruz)

670 ## - SOURCE DATA FOUND

  • Source citation: Old fashion blues, 1995:
  • Information found: t.p. (Ramón Rodríguez) t.p. verso (Ramón Rodríguez Gutiérrez) p. 4 of cover (poet; born Córdoba, [México], 1928)